| 000 | 00432nam a2200181Ia 4500 | ||
|---|---|---|---|
| 001 | 15909 | ||
| 005 | 20260306170230.0 | ||
| 008 | 260306t2013||||xx |||||||||||||| ||und|| | ||
| 041 | _aESP | ||
| 082 |
_a620.135 _bD282 |
||
| 100 |
_aDuda, Walter H. _eAUT |
||
| 245 | 0 | _aManual tecnológico del cemento | |
| 260 | _c2013 | ||
| 300 |
_axvi, 332 páginas : _c30 cm. |
||
| 650 | _aGEN | ||
| 654 | _aCII | ||
| 942 |
_cLIB _dJUS _fJUS _2ddc _n |
||
| 999 |
_c15909 _d15909 |
||